000 00743cab a22002055a 4500
001 L139746
008 070807e20070803xxko f 000 0 eng d
035 _a(Sirsi) u139746
041 0 _aeng
100 1 _aStockdale, Lydia
245 0 0 _aRegional
_bLondon boroughs south and south Thames riverside
260 _c2007
490 0 _aProperty Week
_v72(31) 3 August 2007, 77-86(6)
520 _aReports on Treasury Holdings' plans to redevelop Battersea Power Station, the trend for refurbishing office space in Richmond, and riverfront residential development in Deptford.
590 _aKA
651 4 _aSouth Thames
651 4 _aLondon Boroughs South
690 _aPROPERTY-COMMERCIAL PROPERTY-COMMERCIAL PROPERTY MARKET
942 _n0
999 _c79080
_d79080